El caucho : (Registro nro. 2637)

000 -CABECERA
campo de control de longitud fija 00865nam a2200217 4500
005 - FECHA Y HORA DE LA ÚLTIMA TRANSACCIÓN
campo de control 20260318213340.0
008 - DATOS DE LONGITUD FIJA--INFORMACIÓN GENERAL
campo de control de longitud fija 211006s1979 pe |||fr|||| 001 0 spa d
040 ## - FUENTE DE LA CATALOGACIÓN
Centro catalogador/agencia de origen CENDOC CAAAP
Lengua de catalogación spa
Centro/agencia transcriptor CAAAP
041 ## - CÓDIGO DE LENGUA
Código de lengua del texto/banda sonora o título independiente spa
050 ## - SIGNATURA TOPOGRÁFICA DE LA BIBLIOTECA DEL CONGRESO
Número de clasificación HD 9161
Número de documento/Ítem .A31
100 1# - ENTRADA PRINCIPAL--NOMBRE DE PERSONA
9 (RLIN) 4238
Nombre personal Águila Sánchez, Nely N.
245 13 - MENCIÓN DE TÍTULO
Título El caucho :
Subtitulo análisis de exportación de producto 1980-1914 /
Mención de responsabilidad, etc. Nelly N. Águila Sánchez
250 ## - MENCIÓN DE EDICIÓN
Mención de edición 1ra ed.
260 ## - PUBLICACIÓN, DISTRIBUCIÓN, ETC.
Lugar de publicación, distribución, etc. Lima :
Nombre del editor, distribuidor, etc. Pontificia Universidad Católica del Perú,
Fecha de publicación, distribución, etc. 1979
300 ## - DESCRIPCIÓN FÍSICA
Extensión 90 p.
505 ## - NOTA DE CONTENIDO CON FORMATO
Nota de contenido con formato Contiene: Introducción -- Generalidades -- Sistema de propiedad -- Sistema de producción -- Sistemas de distribución e intercambio -- Decadencia de la actividad gomera -- Conclusiones.
650 #0 - PUNTO DE ACCESO ADICIONAL DE MATERIA--TÉRMINO DE MATERIA
9 (RLIN) 2233
Término de materia o nombre geográfico como elemento de entrada Industria del Caucho
650 #0 - PUNTO DE ACCESO ADICIONAL DE MATERIA--TÉRMINO DE MATERIA
9 (RLIN) 1150
Término de materia o nombre geográfico como elemento de entrada Extracción de caucho
650 #0 - PUNTO DE ACCESO ADICIONAL DE MATERIA--TÉRMINO DE MATERIA
9 (RLIN) 391
Término de materia o nombre geográfico como elemento de entrada Exportaciones
942 ## - ELEMENTOS PERSONALIZADOS KOHA
Fuente del sistema de clasificación o colocación
Fecha de catalogación 06 - 01 - 21
Tipo de ítem Koha Libros
Existencias
Fuente del sistema de clasificación o colocación Localización permanente Ubicación/localización actual Fecha de adquisición Número de inventario Total de préstamos Signatura LC Fecha visto por última vez Tipo de ítem Koha
  CENTRO DE DOCUMENTACIÓN (CENDOC) CENTRO DE DOCUMENTACIÓN (CENDOC) 10/07/2021 000309   HD 9161 .A31 10/07/2021 Libros
Centro de Documentación CAAAP | AV. Manuel González Prada 626, Magdalena del Mar | (51-1) 4615223 Anexo 205 y 209 | cendoc@caaap.org.pe